000 00462nam a2200193Ia 4500
008 210210b2010 xxu||||| |||| 00| 0 eng d
020 _a8184671652
041 _aeng
082 _a591.5K SANV
100 _aSANJAY GUBBI
245 _aVanyajIvigaLa jADu hiDidu
260 _aBengaLuru
_bNavakaranataka Prakashana
_c2010
300 _a132
650 _aVanyajIvigaLa
650 _ajADu
650 _ahiDidu
690 _aAnimal Ecology
906 _a064566
999 _c142853
_d142853